Osiris and the egyptian resurrection.

Đã lưu trong:
Chi tiết về thư mục
Tác giả chính: Wallis Budge, Ernest Alfred
Định dạng: Sách
Ngôn ngữ:Tiếng Anh
Được phát hành: London, England, United Kingdom Philip Lee Warner 1911
Những chủ đề:
Các nhãn: Thêm thẻ
Không có thẻ, Là người đầu tiên thẻ bản ghi này!

MARC

LEADER 00000nam a2200000 a 4500
001 UCJ6555
003 CL-VaPUC
005 20240611105638.0
008 070124e19110000UK |||||||||||||||||eng|d
999 |c 322657  |d 322655 
040 |c Pontificia Universidad Católica de Valparaíso 
082 0 4 |a 932 BUD 1911  |2 21 
100 |a Wallis Budge, Ernest Alfred  |9 516815 
245 1 0 |a Osiris and the egyptian resurrection. 
246 |b By E. A. Wallis Budge. M. A. Litt., D. D. Litt., D. Lit., F. S. A., Keeper of the Egyptian and Assyrian Antiquities in the British Museum. 
260 0 3 |a London, England, United Kingdom  |b Philip Lee Warner  |c 1911 
300 |a 2 v 
500 |a Ilustraciones conforme a lo señalado en índices 
583 |a last modification  |c 20070124 00:00:00  |k Rodrigo Vera 
650 7 |a EGIPTOLOGIA  |2 CL-VaPUC  |9 265780 
650 0 |a Arqueología   |9 265619 
650 7 |a PAPIROS  |2 CL-VaPUC  |9 318278 
650 7 |a JEROGLIFICOS  |2 CL-VaPUC  |9 265779 
650 0 |a Religión   |9 255164 
650 0 |a Mitología   |9 255719 
650 7 |a PAPIROS  |2 CL-VaPUC  |9 318278 
650 0 |a Ilustraciones  |9 369481 
651 0 |a Egipto   |9 268199 
942 |c BK  |2 ddc 
945 |d 20070124 00:00:00  |a rinostro 
952 |0 0  |1 0  |4 0  |6 932_000000000000000_BUD_1911  |7 0  |8 X  |9 401704  |a FDOBUD  |b FDOBUD  |d 2019-11-22  |h v.1  |i 1049569  |o 932 BUD 1911  |p 1049569  |r 2019-11-22  |t 1  |w 2019-11-22  |y BK_X  |k BUD 
952 |0 0  |1 0  |4 0  |6 932_000000000000000_BUD_1911  |7 0  |8 X  |9 401705  |a FDOBUD  |b FDOBUD  |d 2019-11-22  |h v.2  |i 1049577  |o 932 BUD 1911  |p 1049577  |r 2019-11-22  |t 1  |w 2019-11-22  |y BK_X  |k BUD